Nuclear Magnetic Resonance : Concepts and Methods

Salvato in:
Dettagli Bibliografici
Autore principale: Canet , Daniel (Autore)
Natura: Libro
Lingua:inglese
Pubblicazione: Chichester : John Wiley & Sons, 1996
Soggetti:
Tags: Aggiungi Tag
Nessun Tag, puoi essere il primo ad aggiungerne!!

MARC

LEADER 00000nam a22000003a 4500
001 stu49112
005 20190206124450.2
008 990209s1996------------------------eng-d
020 |a 0-471-96145-0 
040 |a STU  |b slo 
041 0 |a eng 
080 |a 543.422.25 
080 |a 543.429.22 
100 1 |a Canet , Daniel  |4 aut 
245 1 |a Nuclear Magnetic Resonance :  |b Concepts and Methods 
260 |a Chichester :  |b John Wiley & Sons,  |c 1996 
300 |a 260 s 
500 |a Tab.,grafy,lit.,index 
650 7 |a Rezonancia magnetická nukleárna  |2 stusub 
996 |b C95650  |c C*95650  |l CCXXV  |s P  |a 0  |w stu49112_0001 
996 |b 284M033738  |c M*10838-1  |l MMKN  |s A  |a 24  |w stu49112_0002